[Event "FRA-ch U14 Girls"]
[Site "Montlucon"]
[Date "2011.04.24"]
[Round "9"]
[White "Banat, Rizlene"]
[Black "Fraval, Julie"]
[Result "1/2-1/2"]
[WhiteElo "1667"]
[BlackElo "1593"]
[PlyCount "40"]
[EventDate "2011.04.17"]
[EventType "swiss"]
[EventRounds "9"]
[EventCountry "FRA"]
[SourceTitle "CBM 142 Extra"]
[Source "ChessBase"]
[SourceDate "2011.06.27"]
[SourceVersion "1"]
[SourceVersionDate "2011.06.27"]
[SourceQuality "1"]

1. Nf3 d6 2. c4 e5 3. Nc3 Nf6 4. d3 g6 5. g3 Bg7 6. Bg2 0-0 7. 0-0 a5 8. a3 Nh5 9. Rb1 f5 10. Qc2 Nc6 11. b4 axb4 12. axb4 Nd4 13. Nxd4 exd4 14. Nb5 c6 15. Na3 f4 16. Qb3 fxg3 17. hxg3 Qe7 18. e4 dxe3 19. Bxe3 Bf5 20. Nc2 Qd7 1/2-1/2

[Event "FRA-ch U12 Girls"]
[Site "Troyes"]
[Date "2010.04.17"]
[Round "8"]
[White "Fraval, Julie"]
[Black "Saliou, Sarah"]
[Result "1-0"]
[WhiteElo "1640"]
[BlackElo "1470"]
[PlyCount "49"]
[EventDate "2010.04.11"]
[EventType "swiss"]
[EventRounds "9"]
[EventCountry "FRA"]
[SourceTitle "EXT 2012"]
[Source "ChessBase"]
[SourceDate "2011.11.24"]
[SourceVersion "1"]
[SourceVersionDate "2011.11.24"]
[SourceQuality "1"]

1. e4 c5 2. Nf3 Nc6 3. d4 cxd4 4. Nxd4 g6 5. Nc3 Bg7 6. Be3 Nf6 7. Bc4 0-0 8. Bb3 d6 9. f3 Qb6 10. Nf5 Qc7 11. Nxg7 Kxg7 12. Qd2 Kg8 13. 0-0-0 a5 14. g4 Rb8 15. Bh6 Rd8 16. Qf4 Ne5 17. h4 b5 18. h5 Ba6 19. Nd5 Nxd5 20. Bxd5 Rdc8 21. Rh2 Kh8 22. hxg6 fxg6 23. Bg7+ Kxg7 24. Qh6+ Kf6 25. g5# 1-0

[Event "FRA-ch U12 Girls"]
[Site "Troyes"]
[Date "2010.04.12"]
[Round "2"]
[White "Fraval, Julie"]
[Black "Chansavang, Alise"]
[Result "1-0"]
[WhiteElo "1640"]
[BlackElo "1450"]
[PlyCount "111"]
[EventDate "2010.04.11"]
[EventType "swiss"]
[EventRounds "9"]
[EventCountry "FRA"]
[SourceTitle "EXT 2012"]
[Source "ChessBase"]
[SourceDate "2011.11.24"]
[SourceVersion "1"]
[SourceVersionDate "2011.11.24"]
[SourceQuality "1"]

1. e4 d6 2. d4 Nf6 3. Nc3 g6 4. Be3 Bg7 5. f3 0-0 6. Qd2 e5 7. Nge2 Nh5 8. g4 Qh4+ 9. Bf2 Qf6 10. gxh5 Qxf3 11. Ng3 Nc6 12. Be2 Qf6 13. d5 Nd4 14. Rf1 Nxe2 15. Qxe2 Bh3 16. Rg1 c6 17. 0-0-0 cxd5 18. Nxd5 Qd8 19. Nf1 Qa5 20. Kb1 Kh8 21. Be3 f5 22. exf5 Bxf5 23. h6 Bf6 24. Nxf6 Rxf6 25. Bg5 Re6 26. Ne3 Rf8 27. Qc4 Ree8 28. Nxf5 Rxf5 29. Rxd6 Ref8 30. c3 b5 31. Qe2 Qc7 32. Qd3 Qc5 33. Be3 Qc7 34. Rd1 a6 35. Rd8 Qe7 36. Rxf8+ Qxf8 37. Qd8 Kg8 38. Bc5 Qxd8 39. Rxd8+ Kf7 40. Rf8+ Ke6 41. Rxf5 Kxf5 42. Be3 Kg4 43. Kc2 Kh3 44. Kd3 Kxh2 45. Ke4 Kg3 46. Kxe5 Kh4 47. Kf6 Kh5 48. Kg7 g5 49. Kxh7 g4 50. Kg7 g3 51. h7 g2 52. h8Q+ Kg4 53. Qf8 Kh3 54. Qf5+ Kh2 55. Qf4+ Kh1 56. Qh4# 1-0